LEADER 01222nam a2200265 i 4500 001 000000337958 003 CaOOAMICUS 005 20250910121113.0 008 191112s2019 it a u000 u ita u 020 $a978-88-6244-801-7 040 $aSeMil$bita 110 2 $aCaritas diocesana .$0(OLS)http://semarc/name/93055 245 10$a28. Rapporto Immigrazione 2018-2019 :$bnon si tratta solo di migranti /$cCaritas e Migrantes. 264 3$aTodi (PG) :$bTau Editrice,$c2019. 300 $a245 p. ;$c26 cm 650 4$aImmigrazione - Italia - Rapporti informativi.$0(OLS)http://semarc/subject/53933 650 4$aImmigrati - Italia - Rapporti informativi.$0(OLS)http://semarc/subject/34297 710 0 $aConferenza Episcopale Italiana : Fondazione Migrantes.$0(OLS)http://semarc/name/44288 850 $aSeMil 852 $aSeMil$W1$xVenegono$y1$m3YY IV 3/28$j261665$B229353$CSeMilBibl$Z2$F229353 $81 941 1 $a7 996 $6020$a978-88-6244-801-7$9(OLS)http://semarc/number/289201 996 $6245$a28. Rapporto Immigrazione 2018-2019 :$bnon si tratta solo di migranti$9(OLS)http://semarc/title/426867 996 $6264$aTodi (PG) :$bTau Editrice$9(OLS)http://semarc/publisher/35322 LEADER 00990nam a2200229 i 4500 001 000000186958 003 CaOOAMICUS 005 20201119082554.0 008 100308s1920 it u000 u mul u 013 $a165015 040 $aSeMil$bita 100 1 $aAthenagoras : Atheniensis .$0(OLS)http://semarc/name/16699 245 13$aLa supplica per i cristiani /$cAtenagora ; testo critico e commento di Paolo Ubaldi. 264 1$aTorino :$bSocietà Editrice Internazionale,$c[1920] 300 $aXLIV, 193 p. ;$c21 cm. 700 1 $aUbaldi, Paolo,$c.$0(OLS)http://semarc/name/9069 830 0$aScrittori greci commentati ;$v3.$0(OLS)http://semarc/title/26627 850 $aSeMil 852 $aSeMil$W1$xVenegono$y1$m2T II 68$j137645$B137645$CSeMilBibl$Z2$F149168 $81 996 $6245$aLa supplica per i cristiani$9(OLS)http://semarc/title/268889 996 $6264$aTorino :$bSocietà Editrice Internazionale$9(OLS)http://semarc/publisher/29847 LEADER 00514nab a2200145 i 4500 001 000000310047 003 CaOOAMICUS 005 20180831173006.0 008 180831n xx uu u0 0und r 013 $a19141 040 $aSeMil$bita 100 1 $aX,.$0(OLS)http://semarc/name/88184 245 10$aS. Anastasio ed il suo Simbolo. Natale Alessandro e gli ipecritici. 773 0 $t[Gennaio-Giugno].$g513-532$w()273952 996 $6245$aS. Anastasio ed il suo Simbolo. Natale Alessandro e gli ipecritici$9(OLS)http://semarc/title/384983